书目信息 |
| 题名: |
帝国崛起病
|
|
| 作者: | 黄钟 著 | |
| 分册: | ||
| 出版信息: | 北京 中国文史出版社 2016 |
|
| 页数: | 10,302页 | |
| 开本: | 21cm | |
| 丛书名: | ||
| 单 册: | ||
| 中图分类: | D50 | |
| 科图分类: | ||
| 主题词: | 综合国力--zong he guo li--研究--世界 | |
| 电子资源: | ||
| ISBN: | 978-7-5034-7535-1 | |
| 000 | 00874nam0 22002411 450 | |
| 001 | 0109172526 | |
| 005 | 20170309172526.0 | |
| 010 | @a978-7-5034-7535-1@b精装@dCNY45.00 | |
| 100 | @a20160907d2016 em y0chiy50 ea | |
| 101 | 0 | @achi |
| 102 | @aCN@b110000 | |
| 105 | @ay z 000yy | |
| 106 | @ar | |
| 200 | 1 | @a帝国崛起病@9di guo jue qi bing@e权力制约与大国兴衰@f黄钟[著] |
| 210 | @a北京@c中国文史出版社@d2016 | |
| 215 | @a10,302页@d21cm | |
| 330 | @a本书收录的文章包括:《一个人和一个共和国》《美国的文官统治》《帝国崛起病》《跛脚的进步》《穿制服的蛇》《惹不起的儿子》《戈培尔的锦囊》《希特勒的军队》等。 | |
| 517 | 1 | @a权力制约与大国兴衰@9quan li zhi yue yu da guo xing shuai |
| 606 | 0 | @a综合国力@9zong he guo li@x研究@y世界 |
| 690 | @aD50@v5 | |
| 701 | 0 | @a黄钟@9huang zhong@f(1969.11~)@4著 |
| 801 | 0 | @aCN@bTANGWEI@c20170308 |
| 905 | @b0954297-9@dD50@e207@f3 | |
| 帝国崛起病:权力制约与大国兴衰/黄钟[著].-北京:中国文史出版社,2016 |
| 10,302页;21cm |
| ISBN 978-7-5034-7535-1(精装):CNY45.00 |
| 本书收录的文章包括:《一个人和一个共和国》《美国的文官统治》《帝国崛起病》《跛脚的进步》《穿制服的蛇》《惹不起的儿子》《戈培尔的锦囊》《希特勒的军队》等。 |
| ● |
| 相关链接 |
|
|
|
|
正题名:帝国崛起病
索取号:D50/207
 
预约/预借
| 序号 | 登录号 | 条形码 | 馆藏地/架位号 | 状态 | 备注 |
| 1 | 0954297 | 209542976 | 第一样本阅览室/ [索取号:D50/207] | 在馆 | |
| 2 | 0954298 | 209542985 | 第一借阅区/ [索取号:D50/207] | 在馆 | |
| 3 | 0954299 | 209542994 | 第一借阅区/ [索取号:D50/207] | 在馆 |